Star Wars Opening Shot Planets - Statistics

General Stats
  • This quiz has been taken 14 times
  • The average score is 7 of 9
Answer Stats
Movie Answer % Correct
Star Wars Episode II: Attack of the Clones Coruscant
100%
Star Wars Episode III: Revenge of the Sith Coruscant
100%
Star Wars Episode V: The Empire Strikes Back Hoth
100%
Star Wars Episode I: The Phantom Menace Naboo
100%
Star Wars Episode IV: A New Hope Tatooine
100%
Star Wars Episode VI: Return of the Jedi Endor
89%
Star Wars Episode VII: The Force Awakens Jakku
67%
Star Wars Episode IX: The Rise of Skywalker Mustafar
56%
Star Wars Episode VIII: The Last Jedi D'Qar
33%
No matching quizzes found
Score Distribution
Percent of People with Each Score
Percentile by Number Answered
Your Score History
You have not taken this quiz